Copa Argentina de Fútbol - Finales - Estadísticas

Estadísticas generales
  • Esta prueba ha sido intentada 479 veces
    50 desde el último reinicio
  • La puntuación promedio es 37 de 52
Estadísticas de respuestas
Hint % Correcto
Boca Juniors
100%
Boca Juniors
100%
Boca Juniors
100%
River Plate
98%
River Plate
98%
River Plate
98%
Rosario Central
91%
Rosario Central
91%
Rosario Central
91%
Rosario Central
91%
1:0
84%
1:0
84%
1:0
84%
2(5):2(3)
84%
1(4):1(1)
82%
2:1
82%
2:1
82%
0(5):0(4)
80%
0(5):0(4)
80%
3:0
80%
3:0
80%
Racing Club
80%
Talleres (C)
80%
Talleres (C)
80%
Argentinos Juniors
77%
Estudiantes (LP)
77%
Independiente Rivadavia
77%
San Lorenzo de Almagro
77%
2:0
75%
Arsenal
75%
4:3
73%
Central Córdoba (Santiago del Estero)
73%
Central Córdoba (SdE)
73%
Patronato (Paraná)
70%
Atlético Tucumán
68%
Huracán
68%
Estadio Ciudad de Lanús
66%
Estadio Único Madre de Ciudades
66%
Estadio Mario Alberto Kempes
61%
Estadio Mario Alberto Kempes
61%
Vélez Sarsfield
57%
Defensa y Justicia
52%
Estadio Malvinas Argentinas
52%
Estadio Malvinas Argentinas
52%
Estadio Malvinas Argentinas
52%
Estadio Malvinas Argentinas
52%
Gimnasia y Esgrima La Plata
52%
Estadio San Juan del Bicentenario
32%
Estadio San Juan del Bicentenario
32%
Estadio Bicentenario de Catamarca
16%
15 de Abril
11%
Estadio Monumental Presidente Perón
5%
No se encontraron pruebas coincidentes
Distribución de puntuación
Porcentaje de gente con cada puntuación
Porcentaje por número respondido
Historial de tus puntuaciones
No has intentado esta prueba desde el último reinicio